<?xml version="1.0" encoding="UTF-8"?>
<record
    xmlns:xsi="http://www.w3.org/2001/XMLSchema-instance"
    xsi:schemaLocation="http://www.loc.gov/MARC21/slim http://www.loc.gov/standards/marcxml/schema/MARC21slim.xsd"
    xmlns="http://www.loc.gov/MARC21/slim">

  <leader>01412nam a22001937a 4500</leader>
  <controlfield tag="003">IT-MiCISF</controlfield>
  <controlfield tag="005">20230427111908.0</controlfield>
  <controlfield tag="008">230426b        |||||||| |||| 00| 0 eng d</controlfield>
  <datafield tag="040" ind1=" " ind2=" ">
    <subfield code="c">IT-MiCISF</subfield>
  </datafield>
  <datafield tag="041" ind1=" " ind2=" ">
    <subfield code="a">it</subfield>
  </datafield>
  <datafield tag="100" ind1=" " ind2=" ">
    <subfield code="a">Perroni Marinella</subfield>
    <subfield code="9">59961</subfield>
  </datafield>
  <datafield tag="245" ind1=" " ind2=" ">
    <subfield code="a">Marta di Betania.</subfield>
    <subfield code="b">La donna che riconobbe il Cristo</subfield>
  </datafield>
  <datafield tag="260" ind1=" " ind2=" ">
    <subfield code="a">Milano, </subfield>
    <subfield code="b">Periodici San Paolo, </subfield>
    <subfield code="c">2023</subfield>
  </datafield>
  <datafield tag="300" ind1=" " ind2=" ">
    <subfield code="a">pp. 140</subfield>
  </datafield>
  <datafield tag="500" ind1=" " ind2=" ">
    <subfield code="a">donna, fede, storia, bibbia</subfield>
  </datafield>
  <datafield tag="501" ind1=" " ind2=" ">
    <subfield code="a">Edizione originale: San Paolo, 2020</subfield>
  </datafield>
  <datafield tag="520" ind1=" " ind2=" ">
    <subfield code="a">Marta di Betania si presenta con una sorta di enigmicit&#xE0;. I due racconti del Nuovo Testamento che ce ne trasmettono la memoria, uno di Luca  e uno di Giovanni la connotano in modo discordante. Per Luca &#xE8; una donna a cui il troppo onere del lavoro domestico ha fatto perdere la dimensione della fiducia nella Provvidenza; per Giovanni &#xE8; una discepola &#x201C;che Ges&#xF9; amava&#x201D; insieme a sua sorella Maria e suo fratello Lazzaro, e che &#xE8; in grado di esprimere la pi&#xF9; alta confessione di fede di tutto il quarto Vangelo.  Nella storia della spiritualit&#xE0; e della devozione femminile Marta &#xE8; divenuta, in contrasto con sua sorella Maria, un modello che ha mortificato generazioni di donne, invece di imporsi come testimone privilegiata della fede nella resurrezione. Questo libro restituisce alla sua figura il ruolo a cui la storia e la tradizione l&#x2019;hanno per troppo tempo privata.</subfield>
  </datafield>
  <datafield tag="942" ind1=" " ind2=" ">
    <subfield code="2">ddc</subfield>
    <subfield code="c">BK</subfield>
  </datafield>
  <datafield tag="999" ind1=" " ind2=" ">
    <subfield code="c">359692</subfield>
    <subfield code="d">359692</subfield>
  </datafield>
  <datafield tag="952" ind1=" " ind2=" ">
    <subfield code="0">0</subfield>
    <subfield code="1">0</subfield>
    <subfield code="2">ddc</subfield>
    <subfield code="4">0</subfield>
    <subfield code="6">A_2392_000000000000000</subfield>
    <subfield code="7">1</subfield>
    <subfield code="a">CISF</subfield>
    <subfield code="b">CISF</subfield>
    <subfield code="d">2023-04-26</subfield>
    <subfield code="l">0</subfield>
    <subfield code="o">A2392</subfield>
    <subfield code="p">9788892241473</subfield>
    <subfield code="r">2023-04-26 00:00:00</subfield>
    <subfield code="w">2023-04-26</subfield>
    <subfield code="y">BK</subfield>
  </datafield>
</record>
